000 00524nam a22002177a 4500
003 UA-OsUOA
001 38344
007 ta
008 20060504b un ||||| |||| 00| 0 ukr d
100 _aМуратова Г.М.
090 _a32
_bМ11
942 _cSA
040 _aUA-OsUOA
_brus
_cUA-OsUOA
_dUA-OsUOA
245 _aМолодежная политика в крупном городе
300 _a142 с.
955 _a0
041 _arus
080 _a32
773 0 _w38340
650 7 _a32 Політика
_2UDC
999 _c324511
_d324511